Ten things I hate about you poem Quiz Stats

 Plays Quiz not verified by Sporcle

Support Sporcle.
Go Orange.
Score 0/121 Timer 10:00
0 Plays Today
Answer % Correct
I
99.4%
hate
99.4%
the
99.4%
and
99.4%
the
99.4%
I
99.4%
hate
99.4%
the
99.4%
I
99.4%
hate
99.4%
I
99.4%
hate
99.4%
and
99.4%
the
99.4%
I
99.4%
hate
99.4%
I
99.4%
hate
99.4%
the
99.4%
I
99.4%
hate
99.4%
I
99.4%
hate
99.4%
I
99.4%
hate
99.4%
and
99.4%
the
99.4%
I
99.4%
hate
99.4%
the
99.4%
I
99.4%
hate
99.4%
a
99.4%
you
98.8%
you
98.8%
you
98.8%
you
98.8%
you
98.8%
you
98.8%
you
98.8%
you
98.8%
Answer % Correct
you
98.8%
you
98.8%
you
98.8%
way
96.4%
way
96.4%
way
96.4%
way
96.4%
way
96.4%
way
96.4%
me
94.6%
me
94.6%
me
94.6%
me
94.6%
me
94.6%
at
93.4%
your
92.8%
your
92.8%
don't
92.8%
not
92.2%
not
92.2%
not
92.2%
not
92.2%
all
92.2%
even
91.6%
even
91.6%
even
91.6%
even
91.6%
even
91.6%
when
91%
when
91%
when
91%
when
91%
when
91%
it
90.4%
it
90.4%
it
90.4%
it
90.4%
it
90.4%
it
90.4%
little
89.8%
hair
88.6%
Answer % Correct
make
88%
make
88%
bit
86.8%
cry
84.4%
laugh
82.6%
you're
81.4%
you're
81.4%
to
79.6%
that
78.4%
stare
77.8%
talk
77.2%
boots
77.2%
but
76%
my
75.4%
my
75.4%
combat
74.3%
call
74.3%
around
73.7%
cut
73.1%
big
73.1%
dumb
71.3%
so
71.3%
much
71.3%
fact
71.3%
makes
70.7%
makes
70.7%
always
70.7%
rhyme
70.1%
worse
68.9%
car
68.3%
drive
67.7%
didn't
67.1%
mostly
67.1%
right
66.5%
lie
65.3%
sick
58.7%
read
56.9%
mind
56.9%
close
54.5%

You're not logged in!

Compare scores with friends on all Sporcle quizzes.
OR
Log In

From the Vault

Code Cracker! XXVI

by hockeystix3

If you can't crack the code, crack it with a hammer.
Remove Ads.
Support Sporcle.
Get the best of Sporcle when you Go Orange. This ad-free experience offers more features, more stats, and more fun while also helping to support Sporcle. Thank you for becoming a member.

Show Comments

Extras

Created Sep 20, 2013ReportNominate
Tags:Poem Quiz, hate, ten

Top Quizzes Today


Score Distribution

Your Account Isn't Verified!

In order to create a playlist on Sporcle, you need to verify the email address you used during registration. Go to your Sporcle Settings to finish the process.

Report this User

Report this user for behavior that violates our Community Guidelines.

Details: